Μη-γλωσσική επικοινωνία σε παιδιά με ειδική γλωσσική διαταραχή : διπλωματική εργασία [διδακτορική εργασία]

Saved in:
Bibliographic Details
Main Author: Παπακαλοδούκα, Πανορμίτσα
Corporate Author: Πανεπιστήμιο Αιγαίου Σχολή Ανθρωπιστικών Επιστημών Τμήμα Επιστημών της Προσχολικής Αγωγής και του Εκπαιδευτικού Σχεδιασμού
Other Authors: Παπαηλιού, Χριστίνα Φ. (dgsf)
Format: Thesis Book
Language:Greek
Published: 2014.
Subjects:
Online Access:http://hdl.handle.net/11610/10879
Tags: Add Tag
No Tags, Be the first to tag this record!

MARC

LEADER 00000cam a2200000 a 4500
001 1/106762
008 150605s2014####gr | ||| |||| ||gre||
040 |a GR-MyUa  |b gre  |c GR-MyUa  |e AACR2 
041 0 |a gre 
082 7 |a 618.92855   |2 (23)  
100 1 |a Παπακαλοδούκα, Πανορμίτσα. 
245 1 0 |a Μη-γλωσσική επικοινωνία σε παιδιά με ειδική γλωσσική διαταραχή :   |b διπλωματική εργασία [διδακτορική εργασία] /   |c Παπακαλοδούκα Πανορμίτσα ; επιβλέπουσα καθηγήτρια Παπαηλιού Χριστίνα.  
260 |c 2014.  
300 |a 301 σ. :   |b πιν. ;   |c 30 εκ.  
502 # # |a Διατριβή (διδακτορική) – Πανεπιστήμιο Αιγαίου, Ρόδος, 2014. 
504 |a Βιβλιογραφία: σ. 241-283.  
506 0 |a Πλήρες κείμενο - ελεύθερη δημοσίευση.  
650 0 |a Language development disorders  |x Diagnosis. 
650 0 |a Language disorders in children. 
650 0 |a Language acquisition. 
700 1 |a Παπαηλιού, Χριστίνα Φ.  |e dgsf 
710 2 |a Πανεπιστήμιο Αιγαίου  |b Σχολή Ανθρωπιστικών Επιστημών  |b Τμήμα Επιστημών της Προσχολικής Αγωγής και του Εκπαιδευτικού Σχεδιασμού. 
852 |a INST  |b RHODES  |c DIATR  |e 20150605  |h 618.92855 ΠΑΠ  |p 005400037770  |q 005400037770  |t PHD  |y 23 
856 |u http://hdl.handle.net/11610/10879 
924 |a Παπακαλοδούκα   |b Πανορμίτσα   |y Ρόδος  |z 2015-04  
970 |z 05-06-2015